Electronics & communications abstracts journal. (Record no. 13255)
[ view plain ]
| 000 -LEADER | |
|---|---|
| fixed length control field | 02112cas a2200505 a 4500 |
| 001 - CONTROL NUMBER | |
| control field | 11165726 |
| 005 - DATE AND TIME OF LATEST TRANSACTION | |
| control field | 20090710113244.0 |
| 008 - FIXED-LENGTH DATA ELEMENTS--GENERAL INFORMATION | |
| fixed length control field | 760316c19721988mduqr1 |da 001 0 eng d |
| 010 ## - LIBRARY OF CONGRESS CONTROL NUMBER | |
| LC control number | 72625079 |
| Canceled/invalid LC control number | 93648751 |
| -- | sn 79008302 |
| 016 7# - NATIONAL BIBLIOGRAPHIC AGENCY CONTROL NUMBER | |
| Record control number | 0326627 |
| Source | DNLM |
| 016 7# - NATIONAL BIBLIOGRAPHIC AGENCY CONTROL NUMBER | |
| Record control number | E05300000 |
| Source | DNLM |
| 022 0# - INTERNATIONAL STANDARD SERIAL NUMBER | |
| International Standard Serial Number | 0361-3313 |
| 030 ## - CODEN DESIGNATION | |
| Canceled/invalid CODEN | ECAJA |
| 032 ## - POSTAL REGISTRATION NUMBER | |
| Postal registration number | 001479 |
| Source (agency assigning number) | USPS |
| 035 ## - SYSTEM CONTROL NUMBER | |
| System control number | (OCoLC)ocm02051533 |
| 037 ## - | |
| -- | CSA Journal Division, 7200 Wisconsin Ave., Suite 601, Bethesda, MD 20814 |
| 040 ## - CATALOGING SOURCE | |
| Original cataloging agency | NSDP |
| Transcribing agency | NSDP |
| Modifying agency | OCoLC |
| -- | NSDP |
| -- | DLC |
| -- | OCoLC |
| -- | NST |
| -- | NSDP |
| -- | NST |
| -- | NSDP |
| -- | NST |
| -- | DLC |
| -- | NSDP |
| -- | DLC |
| -- | OCoLC |
| -- | DNLM |
| -- | DLC |
| -- | NSDP |
| 042 ## - AUTHENTICATION CODE | |
| Authentication code | nsdp |
| -- | lc |
| 050 00 - LIBRARY OF CONGRESS CALL NUMBER | |
| Classification number | TK7800 |
| Item number | .E43859 |
| 060 00 - NATIONAL LIBRARY OF MEDICINE CALL NUMBER | |
| Classification number | Z 5836 |
| Item number | E38 |
| 082 ## - DEWEY DECIMAL CLASSIFICATION NUMBER | |
| Classification number | 621.38108 |
| Edition number | 22 |
| Item number | CSA |
| 222 #0 - KEY TITLE | |
| Key title | Electronics and communications abstracts journal |
| 245 00 - TITLE STATEMENT | |
| Title | Electronics & communications abstracts journal. |
| 246 13 - VARYING FORM OF TITLE | |
| Title proper/short title | Electronics & communications abstracts |
| 246 13 - VARYING FORM OF TITLE | |
| Title proper/short title | Electronics & comm. abstracts |
| 260 ## - PUBLICATION, DISTRIBUTION, ETC. (IMPRINT) | |
| Place of publication, distribution, etc | Riverdale, Md. : |
| Name of publisher, distributor, etc | Cambridge Scientific Abstracts, 1988 |
| Date of publication, distribution, etc | 1988 |
| 300 ## - PHYSICAL DESCRIPTION | |
| Extent | 602 p. ; |
| Dimensions | 28 cm. |
| 500 ## - GENERAL NOTE | |
| General note | Donation |
| 530 ## - ADDITIONAL PHYSICAL FORM AVAILABLE NOTE | |
| Additional physical form available note | Also published online. |
| 550 ## - ISSUING BODY NOTE | |
| Issuing body note | Issued also by: Engineering Information, Inc. |
| 590 ## - LOCAL NOTE (RLIN) | |
| Local note | SERBIB/SERLOC merged record |
| 650 #0 - SUBJECT ADDED ENTRY--TOPICAL TERM | |
| Topical term or geographic name as entry element | Electronics |
| Form subdivision | Abstracts |
| -- | Periodicals. |
| 9 (RLIN) | 10864 |
| 650 #0 - SUBJECT ADDED ENTRY--TOPICAL TERM | |
| Topical term or geographic name as entry element | Telecommunication |
| Form subdivision | Abstracts |
| -- | Periodicals. |
| 9 (RLIN) | 10865 |
| 650 #2 - SUBJECT ADDED ENTRY--TOPICAL TERM | |
| Topical term or geographic name as entry element | Communication |
| Form subdivision | Abstracts. |
| 9 (RLIN) | 10866 |
| 650 #2 - SUBJECT ADDED ENTRY--TOPICAL TERM | |
| Topical term or geographic name as entry element | Computer-Assisted Instruction |
| Form subdivision | Abstracts. |
| 9 (RLIN) | 10867 |
| 650 #2 - SUBJECT ADDED ENTRY--TOPICAL TERM | |
| Topical term or geographic name as entry element | Electronics |
| Form subdivision | Abstracts. |
| 9 (RLIN) | 10868 |
| 710 2# - ADDED ENTRY--CORPORATE NAME | |
| Corporate name or jurisdiction name as entry element | Cambridge Scientific Abstracts, Inc. |
| 9 (RLIN) | 10869 |
| 710 2# - ADDED ENTRY--CORPORATE NAME | |
| Corporate name or jurisdiction name as entry element | Engineering Information, Inc. |
| 9 (RLIN) | 10870 |
| 776 1# - ADDITIONAL PHYSICAL FORM ENTRY | |
| Title | Electronics and communications abstracts journal (Online) |
| International Standard Serial Number | 1555-6549 |
| 780 00 - PRECEDING ENTRY | |
| Title | Electronics abstracts journal |
| International Standard Serial Number | 0013-5097 |
| Record control number | (DLC) 93648750 |
| -- | (OCoLC)2250855 |
| 942 ## - ADDED ENTRY ELEMENTS (KOHA) | |
| Source of classification or shelving scheme | Dewey Decimal Classification |
| Item type | Book - Borrowing |
| Withdrawn status | Item status | Source of classification or shelving scheme | Damaged status | Not for loan | Vendor | Home library | Current library | Shelving location | Date acquired | Source of acquisition | Total Checkouts | Full call number | Barcode | Date last seen | Koha item type |
|---|---|---|---|---|---|---|---|---|---|---|---|---|---|---|---|
| Dewey Decimal Classification | Central Library | Central Library | First floor | 02/02/2010 | Donation | 621.38108 CSA | 000019626 | 15/07/2025 | Book - Borrowing |